[Event "Dewan Astana Karnival op"]
[Site "Dewan Astana"]
[Date "2015.07.30"]
[Round "3"]
[White "Law, Tze Hong"]
[Black "Jeppy, Tewelu Asan Kese"]
[Result "0-1"]
[WhiteElo "1402"]
[BlackElo "1838"]
[PlyCount "100"]
[EventDate "2015.07.29"]
[EventType "swiss"]
[EventRounds "7"]
[EventCountry "MAS"]
[SourceTitle "EXT 2017"]
[Source "ChessBase"]
[SourceDate "2016.10.25"]
[SourceVersion "1"]
[SourceVersionDate "2016.10.25"]
[SourceQuality "1"]

1. c4 c6 2. g3 Nf6 3. Bg2 g6 4. Nf3 Bg7 5. d3 0-0 6. Nc3 d6 7. 0-0 e5 8. Rb1 Qc7 9. b4 Re8 10. Ng5 h6 11. Nge4 Nxe4 12. Nxe4 f5 13. Nd2 Be6 14. b5 d5 15. bxc6 bxc6 16. Qb3 e4 17. Qb7 Qxb7 18. Rxb7 Na6 19. Ba3 Bc3 20. Rd1 Reb8 21. Re7 Bf7 22. dxe4 dxe4 23. Nxe4 fxe4 24. Bxe4 Rd8 25. Rxd8+ Rxd8 26. Rxa7 Bxc4 27. Bxc6 Bxe2 28. Kg2 Bd4 29. Be7 Bxa7 30. Bxd8 Nb4 31. Be4 Bd3 32. Bf3 Bc4 33. a3 Nd3 34. Be4 Kf7 35. f3 Nc5 36. Bb1 Bd5 37. Ba5 Ne6 38. Bc2 Nd4 39. Be4 Bxe4 40. fxe4 Ke6 41. Bd2 h5 42. Bf4 Nb5 43. h3 Nxa3 44. g4 hxg4 45. hxg4 Nc4 46. Kf3 Bc5 47. Bc1 Ne5+ 48. Kf4 Bd6 49. Kg5 Be7+ 50. Kh6 Kf7 0-1